000 00311nam a22001457a 4500
008 230719b ||||| |||| 00| 0 eng d
020 _a9971509636
041 _aeng
080 _2VOLUME 5
_a53
082 _a53WEI
100 _a20
101 _aFIZIK
245 _aSUPERNOVAE
_cWEINBERG.S
942 _2udc
_cBK
999 _c60169
_d60169